000 00434nam a2200181Ia 4500
005 20240823040239.0
008 240823s9999||||xx |||||||||||||| ||und||
041 _aENGLISH
082 _A894.8113 N9
100 _aSanmugam R S
245 0 _aKeerthi Mikka Birbalin Thantiramana Kathaigal
250 _a1st
260 _c1999
_bSriSenbaga Pathi
500 _aYES
650 _aKathaigal
_bGeneral
942 _cBK
999 _c202637
_d202637